| 000 | 00616nam a2200217 4500 | ||
|---|---|---|---|
| 001 | 44691 | ||
| 090 | _a44691 | ||
| 100 | _a20170126f19801989a y0pory5003 ba | ||
| 101 | 1 | _apor | |
| 102 | _aPT | ||
| 200 | 1 |
_aO mistério do diário _fCarolyn Keene _gtrad. Maria de Lurdes Saraiva |
|
| 210 |
_aLisboa _cVerbo _d[198-?] |
||
| 215 |
_a189 p. _cil. _d19 cm |
||
| 225 | 2 |
_aOs inquéritos de Nancy _v7 |
|
| 304 | _aTít. orig.: The clue in the diary. | ||
| 675 |
_a82-311.3 _vmed _zpor |
||
| 675 |
_a087.5-053.6 _vmed _zpor |
||
| 700 | 1 |
_aKeene _bCarolyn |
|
| 702 | 1 |
_aSaraiva _bMaria de Lurdes _4730 |
|
| 801 | 0 |
_aPT _bBPMFF _gRPC |
|
| 990 | _cLIVROS | ||